Bandarra, o profeta de Trancoso (Registo nº 201678)

Detalhes MARC
000 -Etiqueta do registo
Valores 00614nam 22002053 4500
010 ## - Número ISBN
ISBN 972-1-02912-2
021 ## - Número do Depósito Legal
Código do país Portugal
Número 33337/89
100 ## - Dados gerais de processamento
Dados gerais 20260408d u||y0pory50 ba
200 ## - Titulo e menção de responsabilidade
Título próprio Bandarra, o profeta de Trancoso
Primeira menção de responsabilidade António da Silva Neves
210 ## - Publicação
Local de publicação Mem Martins
Nome do editor Europa-América
Data de publicação cop. 1990
215 ## - Descrição física 
Paginação / Volumes 173, [7] p.
Outras indicações físicas brochado
Dimensões 21 cm
225 ## - Colecção 
Título próprio da colecção Estudos e documentos
Número de parte ou secção 248
606 ## - Nome comum usado como assunto
ID Autoridade 3661
Palavra de ordem Crítica Literária.Estudos Literários
675 ## - CDU
Notação 82.09
Edição PT
Língua por
700 ## - Autor principal (pessoa individual)
ID Autoridade 17062
Apelido Neves
Nome António da Silva
801 ## - Fonte de origem
País PT
Agência BMMN
Regras de catalogação RPC
830 ## - Notas gerais do catalogador
Criado por Vanda
990 ## - Elementos KOHA
Tipo de documento Livro
Exemplares
Situação do levantamento Biblioteca de origem Código de barras Cota Permissão de empréstimo Tipo de documento Forma de aquisição
  Biblioteca Municipal de Montemor-o-Novo 31041 82.09 NEV|DEP   Livro Compra

Powered by Koha